Podchwytliwe Pytania Z Geografii - Statystyki

Ogólne statystyki
  • Ten quiz został rozwiązany 841 razy
    793 od ostatniego zresetowania
  • Średni wynik to 11 z 15
Statystyki odpowiedzi
Zagadnienie Odpowiedź % Poprawnych
Co jest stolicą Stanów Zjednoczonych? Waszyngton
98%
Stolicą Kanady jest? Ottawa
94%
Stolicą Turcji jest? Ankara
93%
Jaki kraj na mapie jest bliżej Rosji, Polska czy Białoruś? Tak samo blisko
91%
Największą rzeką w Wrocławiu jest? Odra
84%
Najludniejszym krajem świata są? Indie
79%
Jakie jest największe jezioro świata? Morze Kaspijskie
78%
Największa pustynia świata to? Antarktyda
74%
Jaka jest stolica ZEA? Abu Zabi
71%
Z jakim Krajem Polska ma najdłuższą granice Czechy
71%
Stolicą RPA jest? Kapsztad
70%
Która z wymienionych stolic jest największa? Moskwa
65%
Największym krajem Afryki jest? Algieria
62%
Z jakim krajem Francja ma najdłuższą granice lądową? Brazylia
57%
Drugim największym Jeziorem świata jest jezioro? Górne
21%
Nie znaleziono quizów pasujących do podanych kryteriów
Rozkład punktacji
Procent ludzi z każdym wynikiem
Percentyl według liczby udzielonych odpowiedzi
Twoja historia wyników
Nie rozwiązałeś tego quizu od ostatniego zresetowania